El desafío del cangrejo : avances en el conocimiento, prevención y tratamiento del cáncer /
Guardado en:
| Autor Principal: | |
|---|---|
| Formato: | Libro |
| Publicado: |
Buenos Aires :
Siglo Xxi Editores Argentina
|
| Series: | Colección Ciencia que ladra / Dirigida por Diego Golombek
|
| Materias: | |
| Etiquetas: |
Agregar Etiqueta
Sin Etiquetas, Sea el primero en etiquetar este registro!
|
| LEADER | 00903nam a22002175a 4500 | ||
|---|---|---|---|
| 001 | CEM.cems011623 | ||
| 005 | 20071115121453.0 | ||
| 008 | 130507b######################000#0#####d | ||
| 003 | CEMS | ||
| 020 | |a 9871105177 | ||
| 082 | 0 | 4 | |a 616.99 |
| 100 | 1 | |a Alonso, Daniel F. | |
| 245 | 1 | 0 | |a El desafío del cangrejo : |b avances en el conocimiento, prevención y tratamiento del cáncer / |c Daniel F. Alonso |
| 260 | |a Buenos Aires : |b Siglo Xxi Editores Argentina | ||
| 300 | |a 87 p. | ||
| 490 | 0 | |a Colección Ciencia que ladra / Dirigida por Diego Golombek | |
| 505 | 0 | |a Veinticinco siglos igual -- Caos en la biblioteca -- Vida de células -- Qué es el cáncer ? -- Causas del cáncer -- Ciencia y magia -- Tratamiento del cáncer -- Preguntas que hace la gente | |
| 653 | |a Cáncer | ||
| 653 | |a Enfermedades | ||
| 653 | |a Metastasis | ||
| 859 | |a CEMS |b BIB. CEMS - 11 de abril |h 616.99 |i AL71 |p 22579.04 |t Ej.1 | ||
